000 00782nab a2200217uuc4500
001 1124293
005 20240918091007.0
008 090213e20080901 spa
035 _a1124293
035 _a(OCoLC)820453624
040 _ccomduadb
041 _aspa
100 1 0 _aMelo González, Jorge Orlando,
_d1942-
_4aut
_0(isni)0000 0000 8108 340X
_0(viaf)29586396
_eaut
_9268651
245 1 0 _aMontaigne en el dia del maestro
650 _aMontaigne, Michel Eyquem de, 1533-1592 - Crítica e interpretación
_9177481
650 _aNaturaleza
_99565
650 _aObservación (Método educativo)
_985877
650 7 _aAntropología de la educación
_2lemb
_910118
773 0 _tNúmero (Bogotá)
_gNo. 58, Sep.-Nov. 2008, p. 20-26
_w891880
_x0121-7828
_0327896
942 _cARIMP
999 _c486199
_d486199